LEADER 01152nam a2200301 u 4500 001 000000071738 003 CaOOAMICUS 005 20070226122150.0 008 020604s1993 it u000 u ita u 020 $a8831125109 035 $a10931897 040 $aPUL(R)$bita 100 1 $aLubich, Chiara,$d1920-2008.$0(OLS)http://pul/name/47563 245 14$aUna famiglia per rinnovare la società /$cChiara Lubich. 260 $aRoma :$bCittà Nuova,$cc1993. 300 $a173 p. ;$c20 cm 490 1 $aCollana Spaziofamiglia.$aTesti 500 $aContiene indici. 504 $aBibliografia in nota. 650 4$aFamiglia.$0(OLS)http://pul/subject/1197 830 0$aCollana Spaziofamiglia.$pTesti.$0(OLS)http://pul/title/59839 850 $aPUL 852 $aPUL$W1$xDP1 Religione 1$y20$m557 M 25$j92803$nBK-PRI$b $qStampati$B92803$CPULBib$Z2$F92803 $H $81 941 1 $a8 961 $aINV: 73874 996 $6020$a8831125109$9(OLS)http://pul/number/92635 996 $6245$aUna famiglia per rinnovare la società$9(OLS)http://pul/title/94413 996 $6260$aRoma :$bCittà Nuova$9(OLS)http://pul/publisher/47927 LEADER 01269naa a2200229 u 4500 001 000000098140 003 CaOOAMICUS 005 20220113130438.0 008 050523s1981 it u000 u ita u 032 $aLibriCat 035 $a11046520 040 $aIAR$bita 100 1 $aPagnoni-Sturlese, Maria Rita.$0(OLS)http://pul/name/3850 245 11$a[Recensione :] Alberti Magni De natura loci, ad fidem autographi, De causis proprietatum elementorum, ad fidem autographi, de generatione et corruptione, edidit P. Hossfeld. /$cMaria Rita Pagnoni Sturlese. 260 $aPisa :$bScuola Normale,$c1981. 300 $aS. 1423-1427 ;$c25 cm 730 0 $aAnnali della Scuola normale superiore di Pisa, Classe di lettere e filosofia$g[Spogli].$0(OLS)http://pul/title/24292 773 0 $tAnnali della Scuola Normale Superiore di Pisa$gSerie III, vol. XI,4 (1981). 773 0 $tAnnali della Scuola normale superiore di Pisa, Classe di lettere e filosofia$w()16982 996 $6245$a[Recensione :] Alberti Magni De natura loci, ad fidem autographi, De causis proprietatum elementorum, ad fidem autographi, de generatione et corruptione, edidit P. Hossfeld.$9(OLS)http://pul/title/125023 996 $6260$aPisa :$bScuola Normale$9(OLS)http://pul/publisher/79182